[Event "ROMEO 6"]
[Site "http://www.queenalice.com/game.php?id=1372625"]
[Date "2015.7.22"]
[Round "-"]
[White "perucona"]
[Black "simonajar"]
[Result "0-1"]
[WhiteElo "1341"]
[BlackElo "1494"]

1. e4 e5 2. Nf3 Nc6 3. Nc3 Nf6 4. Bb5 Bc5 5. Bxc6 dxc6 6. d3 Bg4 7. O-O O-O 8.
h3 Be6 9. Bg5 Be7 10. Bxf6 Bxf6 11. Qe2 c5 12. Na4 b6 13. Nc3 c6 14. Rae1 b5 15.
Nb1 Bxa2 16. Nfd2 c4 17. dxc4 a6 18. cxb5 cxb5 19. Nf3 Qd6 20. Qd2 Qxd2 21.
Nbxd2 Rac8 22. c3 Rfd8 23. Nb1 Bc4 24. Kh1 Bxf1 25. Rxf1 Rd3 26. Rc1 Bg5 27. Rc2
Bf4 28. g3 Rxf3 29. Kg2 Rd3 30. gxf4 exf4 31. Nd2 Rcd8 32. f3 Rxd2+ 33. Rxd2
Rxd2+ 34. Kf1 Rxb2 35. Ke1 a5 36. Kd1 Kf8 37. Kc1 Rh2 38. h4 h5 39. Kb1 f6 40.
Kc1 g5 41. hxg5 fxg5 42. Kd1 a4 43. Kc1 a3 44. Kb1 Ke7 45. Ka1 Kd6 46. Kb1 Kc5
47. Ka1 Kc4 48. Kb1 Kxc3 49. Ka1 Kb3 50. Kb1 Rh1# 0-1

[Event "AUTO-OPEN-3515"]
[Site "http://www.queenalice.com/game.php?id=1372717"]
[Date "2015.7.22"]
[Round "1"]
[White "AndersonSouza"]
[Black "simonajar"]
[Result "0-1"]
[WhiteElo "1323"]
[BlackElo "1088"]

1. g3 e5 2. Bg2 d5 3. b3 Nc6 4. Bb2 e4 5. e3 Nf6 6. h3 Bb4 7. a3 Bc5 8. Ne2 Bf5
9. Nf4 d4 10. b4 Bb6 11. d3 dxe3 0-1

[Event "AUTO-OPEN-3515"]
[Site "http://www.queenalice.com/game.php?id=1372718"]
[Date "2015.7.22"]
[Round "1"]
[White "simonajar"]
[Black "AndersonSouza"]
[Result "1-0"]
[WhiteElo "1299"]
[BlackElo "1323"]

1. e4 b6 2. d4 g6 3. Bc4 Bb7 4. Nc3 Bg7 5. Nf3 a6 6. Bg5 h6 7. Bh4 g5 8. Bg3 d6
9. Qd2 b5 10. Bd3 e6 11. O-O-O 1-0

[Event "AUTO-OPEN-3515"]
[Site "http://www.queenalice.com/game.php?id=1372747"]
[Date "2015.7.22"]
[Round "1"]
[White "simonajar"]
[Black "Artking"]
[Result "1-0"]
[WhiteElo "1535"]
[BlackElo "1652"]

1. e4 b6 2. d4 Bb7 3. d5 e6 4. Nc3 Nf6 5. Bc4 Bb4 6. Bd2 Bxc3 7. Bxc3 Nxe4 8.
Bxg7 Rg8 9. Qd4 Nd6 10. Bd3 Qg5 11. Ne2 Rxg7 12. Nf4 e5 13. Qc3 1-0

[Event "AUTO-OPEN-3515"]
[Site "http://www.queenalice.com/game.php?id=1372748"]
[Date "2015.7.22"]
[Round "1"]
[White "Artking"]
[Black "simonajar"]
[Result "0-1"]
[WhiteElo "1652"]
[BlackElo "1405"]

1. d4 d5 2. c4 Nf6 3. Nc3 Nc6 4. Nf3 Bf5 5. e3 g6 6. Be2 Bg7 7. O-O O-O 8. h3
Nb4 9. Bd2 Ne4 10. Nxe4 Bxe4 11. Bxb4 Re8 12. Ng5 e5 13. f4 exd4 0-1

[Event "TIGRAODAVILAFAMOSA V"]
[Site "http://www.queenalice.com/game.php?id=1384731"]
[Date "2015.9.22"]
[Round "-"]
[White "rogeriocastro"]
[Black "simonajar"]
[Result "0-1"]
[WhiteElo "1542"]
[BlackElo "1462"]

1. e4 e5 2. f3 Nf6 3. Nc3 d5 4. exd5 Nxd5 5. Nxd5 Qxd5 6. Ne2 Bc5 7. Nc3 Qd4 8.
Qe2 Nc6 9. Nb5 Qd5 10. Nc3 Qd6 11. d3 Nd4 12. Qd2 Bf5 13. Be2 Nxe2 14. Qxe2
O-O-O 15. Bg5 f6 16. Be3 Rhe8 17. Bxc5 Qxc5 18. O-O-O Be6 19. Na4 Qb4 20. b3 Bf7
21. Qd2 Qa3+ 22. Kb1 Rd6 23. Nc3 g5 24. Ka1 h6 25. Nb1 Qc5 26. Nc3 Qd4 27. a3
Rc6 28. Kb2 h5 29. h3 Rd8 30. Rhe1 Rdd6 31. Re3 Rxc3 32. Rde1 Rxd3+ 33. Qc3
Qxc3+ 34. Kc1 Qa1# 0-1

[Event "OS INCLIVES"]
[Site "http://www.queenalice.com/game.php?id=1385270"]
[Date "2015.9.25"]
[Round "-"]
[White "adelio"]
[Black "simonajar"]
[Result "0-1"]
[WhiteElo "1670"]
[BlackElo "1409"]

1. d4 d5 2. e4 e6 3. e5 Nc6 4. Be2 Nge7 5. h4 Nf5 6. c3 b6 7. h5 Bb7 8. Nf3 h6
9. g4 Nfe7 10. g5 Nf5 11. gxh6 Rxh6 12. Ng5 Qe7 13. Nxf7 Rh7 14. Ng5 Rh8 15. h6
Rxh6 16. Rxh6 Nxh6 17. Bh5+ Kd7 18. Nh7 Qh4 19. Nd2 Qh1+ 20. Nf1 Be7 21. Bxh6
gxh6 22. Bf3 Qg1 23. Nf6+ Bxf6 24. exf6 Rf8 25. Qe2 Rxf6 26. Kd2 Rg6 27. Re1 Ne7
28. Ng3 Ba6 29. Qxa6 Qxf2+ 30. Be2 Rxg3 31. Kd1 Nc6 32. Bb5 Kd6 33. Qa3+ Kd7 34.
Bxc6+ Kxc6 35. Rxe6+ Kb7 36. c4 Rxa3 37. bxa3 dxc4 38. Re2 Qf1+ 39. Re1 Qd3+ 40.
Kc1 c3 41. Rd1 Qe2 42. Rh1 Qd2+ 43. Kb1 Qb2# 0-1

[Event "OS INCLIVES"]
[Site "http://www.queenalice.com/game.php?id=1385273"]
[Date "2015.9.25"]
[Round "-"]
[White "simonajar"]
[Black "adelio"]
[Result "0-1"]
[WhiteElo "1419"]
[BlackElo "1706"]

1. e4 a6 2. d4 c5 3. d5 e5 4. dxe6 fxe6 5. Nc3 Be7 6. Nf3 d6 7. Bc4 b5 8. Bd3
Nc6 9. Bf4 e5 10. Be3 Nd4 11. Nd5 Be6 12. O-O Bxd5 13. exd5 g6 14. Be4 Nxf3+ 15.
Bxf3 h5 16. Qd3 Kd7 17. Qxg6 Rc8 18. c3 Nf6 19. Qf5+ Kc7 20. b4 Kb7 21. a4 Qd7
22. Qxd7+ Nxd7 23. axb5 axb5 24. Ra5 Kb6 25. Rfa1 Nb8 26. Be2 Kc7 27. Bxb5 h4
28. h3 Rcg8 29. Ra7+ Kb6 30. Bc6 Nxc6 31. R1a6+ Kb5 32. dxc6 Rg7 33. Bd2 Rhg8
34. c7 Rxg2+ 35. Kf1 Kc4 36. Rb6 Kd3 37. Bg5 R8xg5 38. f4 Rg1+ 39. Kf2 R5g2+ 40.
Kf3 e4# 0-1

[Event "VARSOVIA"]
[Site "http://www.queenalice.com/game.php?id=1411894"]
[Date "2016.3.3"]
[Round "-"]
[White "rogeriooliveira"]
[Black "simonajar"]
[Result "0-1"]
[WhiteElo "1357"]
[BlackElo "1568"]

1. e4 e5 2. Nf3 Nc6 3. Nc3 Nf6 4. Bb5 Bc5 5. Bxc6 dxc6 6. O-O Bd6 7. d3 Be6 8.
Bg5 Be7 9. Bxf6 Bxf6 10. Qe2 O-O 11. Rfe1 Re8 12. Rad1 Qe7 13. Rd2 Red8 14. Qe3
Qb4 15. Rb1 h6 16. a3 Qe7 17. Re1 a6 18. Rde2 c5 19. Rd2 a5 20. Rde2 Bg4 21. h3
Bg5 22. Nxg5 Bxe2 23. Rxe2 Qxg5 24. Qxg5 hxg5 25. g4 c6 26. f3 b5 27. Nd1 Kh7
28. Rh2 Rh8 29. Nf2 g6 30. h4 gxh4 31. b3 g5 32. c3 Rad8 33. c4 Kg7 34. b4 cxb4
35. axb4 axb4 36. Nd1 Rxd3 37. Nb2 Rxf3 38. Kg2 Rg3+ 39. Kf2 Rc3 40. Ke2 Rc2+
41. Kf1 Rxh2 42. Kg1 Rxb2 43. Kh1 Ra8 44. Kg1 Ra1# 0-1

[Event "Jogo brancas X pretas"]
[Site "http://www.queenalice.com/game.php?id=1419731"]
[Date "2016.4.24"]
[Round "-"]
[White "joao37"]
[Black "simonajar"]
[Result "0-1"]
[WhiteElo "1450"]
[BlackElo "1464"]

1. e3 d5 2. d3 e5 3. Nf3 Nc6 4. d4 exd4 5. exd4 Bd6 6. Bd3 Nf6 7. O-O O-O 8. Ng5
Nxd4 9. Nf3 c5 10. Nh4 Ne4 11. Qe1 Qxh4 12. Be3 Re8 13. g3 Nf3+ 14. Kg2 Nxe1+
15. Rxe1 Qh3+ 16. Kg1 Bg4 17. Nc3 Bf3 18. Bf1 Qf5 19. Rad1 Nxc3 20. bxc3 Rad8
21. a4 g6 22. h3 Qxc2 23. Rxd5 Qxc3 24. Bd2 Qc2 25. Ba5 Bxd5 26. Bxd8 Rxe1 27.
Ba5 Ra1 28. f3 Bxf3 29. g4 Qg2# 0-1

[Event "Challenge"]
[Site "http://www.queenalice.com/game.php?id=1436925"]
[Date "2016.8.19"]
[Round "-"]
[White "vieri"]
[Black "simonajar"]
[Result "0-1"]
[WhiteElo "1369"]
[BlackElo "1525"]

1. g3 Nc6 2. Bg2 g6 3. Nf3 Bg7 4. O-O Nf6 5. d4 e6 6. Bg5 O-O 7. Ne5 Qe8 8. Nxc6
dxc6 9. c3 Nd5 10. Na3 e5 11. e4 Nb6 12. d5 cxd5 13. exd5 Bf5 14. d6 c6 15. Be7
Rd8 16. Re1 Rd7 17. h4 h5 18. Bxf8 Bxf8 19. b4 Rxd6 20. Qb3 Nd7 21. Qa4 a6 22.
Nc4 Rd3 23. Rac1 Nc5 24. Qa5 Nd7 25. Qc7 Bh6 26. Rc2 b5 27. Nd6 Qe6 28. Qxc6
Rxd6 29. Qc8+ Kg7 30. Rb2 Nb6 31. Qxa6 Nc4 32. Qb7 Nxb2 33. Qxb5 Rd2 34. Rb1
Bxb1 35. a4 Nd3 36. Bd5 Qh3 37. Qb7 Rd1# 0-1

[Event "Let's Play Chess!"]
[Site "http://www.queenalice.com/game.php?id=1462722"]
[Date "2017.2.4"]
[Round "-"]
[White "klangorei"]
[Black "simonajar"]
[Result "0-1"]
[WhiteElo "1692"]
[BlackElo "1538"]

1. e4 e5 2. Nf3 Nc6 3. d4 exd4 4. Nxd4 Qf6 5. c3 Nxd4 6. cxd4 Bb4+ 7. Bd2 Qxd4
8. Bxb4 Qxb4+ 9. Nd2 Qxb2 10. Nc4 Qb4+ 0-1

[Event "Let's Play Chess!"]
[Site "http://www.queenalice.com/game.php?id=1462723"]
[Date "2017.2.4"]
[Round "-"]
[White "simonajar"]
[Black "rogeriooliveira"]
[Result "1-0"]
[WhiteElo "1565"]
[BlackElo "1369"]

1. e4 e5 2. Nf3 Nc6 3. d4 exd4 4. Nxd4 Qe7 5. Nc3 Nf6 6. Bf4 Qd8 7. Ndb5 Bd6 8.
Bxd6 cxd6 9. Nxd6+ Ke7 10. Bc4 b6 11. Nxf7 Qg8 12. Qd3 Qe8 13. Nxh8 Qxh8 14.
O-O-O Qd8 15. Rhe1 Ne8 16. Qd5 Bb7 17. Qf7# 1-0

[Event "Challenge"]
[Site "http://www.queenalice.com/game.php?id=1462724"]
[Date "2017.2.4"]
[Round "-"]
[White "manuelito"]
[Black "simonajar"]
[Result "1-0"]
[WhiteElo "1733"]
[BlackElo "1577"]

1. d4 d5 2. Nf3 Bf5 3. Nc3 Nf6 4. Bg5 Nc6 5. Bxf6 exf6 6. a3 Bd6 7. Nxd5 Bf4 8.
Nxf4 O-O 9. e3 Re8 10. c4 Qd6 11. c5 Qe7 12. Bd3 Bg4 13. h3 Bd7 14. O-O Na5 15.
b4 Nc6 16. b5 Na5 17. Nd5 Qe6 18. Nxc7 Qb3 19. Nxa8 Rxa8 20. Qxb3 Nxb3 21. Rab1
Be6 22. Rb2 g5 23. g4 Rd8 24. Rfb1 Na5 25. b6 a6 26. Nd2 Nc6 27. Ne4 Kg7 28. Nd6
Rd7 29. Nxb7 a5 30. Nd6 h5 31. b7 Nb8 32. Ne8+ Kh6 33. Nxf6 Kg7 34. Nxd7 Bxd7
35. Rb6 1-0

[Event "Challenge 2"]
[Site "http://www.queenalice.com/game.php?id=1462725"]
[Date "2017.2.4"]
[Round "-"]
[White "simonajar"]
[Black "manuelito"]
[Result "1/2-1/2"]
[WhiteElo "1575"]
[BlackElo "1734"]

1. e4 e5 2. Nf3 Nc6 3. Bb5 d6 4. d4 a6 5. Ba4 b5 6. Bb3 h6 7. Be3 exd4 8. Nxd4
Bb7 9. Qh5 Qf6 10. c3 O-O-O 11. Nd2 g6 12. Qg4+ Rd7 13. Bd5 h5 14. Qh3 Bh6 15.
Bxh6 Nxd4 16. Bxb7+ Kxb7 17. Qxd7 Nc2+ 18. Ke2 Nxa1 19. Rxa1 Nxh6 20. Nb3 Rd8
21. Qh3 Ng4 22. f3 Ne5 23. Nd4 Nc4 24. b3 Ne5 25. g4 hxg4 26. fxg4 Rh8 27. Qg3
Qh4 28. Kf2 Nxg4+ 29. Kg2 Qxg3+ 30. hxg3 Rh2+ 31. Kf3 Ne5+ 32. Ke3 c5 33. Nf3
Nxf3 34. Kxf3 Rc2 35. g4 Rxc3+ 36. Kf4 Kc6 37. Kg5 Kd7 38. Kf6 Ke8 39. Rd1 Re3
40. Rxd6 a5 41. Ra6 a4 42. bxa4 bxa4 43. Rxa4 Rf3+ 44. Kg5 Rf2 45. Ra5 1/2-1/2